Diseño geométrico y propuesta de estructura de pavimento rígido en un tramo de 460.209 m, de vía del barrio Tierra Prometida del D-III, de Managua

Con este trabajo se propone aportar al mejoramiento vial en la Ciudad de Managua. El tramo de la vía es una colectora secundaria actualmente sin revestimiento. Una vez construida la superficie de rodamiento facilitará la circulación vehicular y peatonal en condiciones de mayor seguridad.

Bibliographic Details
Main Authors: Rodríguez Aguilar, David José, Muñoz Chávez, Rafael Antonio
Other Authors: Tutor: Bustamante Arteaga, Fernando José
Format: Tesis Section = Libro
Language:Undetermined
Spanish
Published: Managua UNI-IES 2021
Subjects:
LEADER 01222nam a2200277Ia 4500
008 240830s9999 xx 000 0 und d
040 |a BIBLIOTECA-RUPAP Mon 625.85 R696 
041 |a spa 
082 |a Mon 625.85 R696 
100 1 |a Rodríguez Aguilar, David José 
100 1 |b Muñoz Chávez, Rafael Antonio 
245 1 0 |a Diseño geométrico y propuesta de estructura de pavimento rígido en un tramo de 460.209 m, de vía del barrio Tierra Prometida del D-III, de Managua 
260 |a Managua  |b UNI-IES  |c 2021 
300 |a 80 p. :il. 
500 |a Contiene: anexos y CD. 
502 |a Tesis (Ingeniero Civil) - UNI, 2021. 
520 3 |a Con este trabajo se propone aportar al mejoramiento vial en la Ciudad de Managua. El tramo de la vía es una colectora secundaria actualmente sin revestimiento. Una vez construida la superficie de rodamiento facilitará la circulación vehicular y peatonal en condiciones de mayor seguridad. 
650 7 |a PAVIMENTOS 
650 7 |b  PAVIMENTOS DE HORMIGON 
650 7 |c  ESTUDIO DE SUELO 
650 7 |d  ESTUDIO DE TRANSITO 
650 7 |e  DISEÑO GEOMETRICO 
700 1 |a Tutor:  |b Bustamante Arteaga, Fernando José 
942 |c BK  |2 ddc 
991 |a TESIS 
999 |c 18879